| 000 | 00000nam 2200000zi 4500 |
| 001 | 9.940278 |
| 003 | CaOODSP |
| 005 | 20250820092720 |
| 006 | m o d f |
| 007 | cr mn||||||||| |
| 008 | 240708e202408 onc o f000 0 fre d |
| 020 | |a9780660727028 |
| 040 | |aCaOODSP|bfre|erda|cCaOODSP |
| 043 | |an-cn--- |
| 086 | 1 |aHP40-251/4-2023F-PDF |
| 245 | 00|aRapport d'étape 2022-2023 : |bplan d'action quinquennal du gouvernement du Canada sur les infections transmises sexuellement et par le sang. |
| 264 | 1|aOttawa (Ontario) : |bGouvernement du Canada = Government of Canada, |caoût 2024. |
| 264 | 4|c©2024 |
| 300 | |a1 ressource en ligne (ii, 31 pages) |
| 336 | |atexte|btxt|2rdacontent/fre |
| 337 | |ainformatique|bc|2rdamedia/fre |
| 338 | |aressource en ligne|bcr|2rdacarrier/fre |
| 500 | |aPublié aussi en anglais sous le titre : 2022-2023 progress report : Government of Canada five-year action plan on sexually transmitted and blood-borne infections. |
| 500 | |a« Pub.: 240344 » -- Verso de la couverture. |
| 650 | 6|aInfections transmissibles sexuellement|xPolitique gouvernementale|zCanada. |
| 650 | 6|aInfections à diffusion hématogène|xPolitique gouvernementale|zCanada. |
| 710 | 2 |aAgence de santé publique du Canada, |eorganisme de publication. |
| 775 | 08|t2022-2023 progress report : |w(CaOODSP)9.940277 |
| 794 | |tRapport d'étape 2023-2024 : |b2025|w(CaOODSP)9.948934 |
| 795 | |t2020-2022 rapport d'étape : |w(CaOODSP)9.920905 |
| 856 | 40|qPDF|s489 Ko|uhttps://publications.gc.ca/collections/collection_2025/aspc-phac/HP40-251-4-2023-fra.pdf |
| 856 | 4 |qHTML|sS.O.|uhttps://www.canada.ca/fr/sante-publique/services/publications/maladies-et-affections/rapport-etape-2022-2023-plan-action-infections-transmissibles-sexuellement-sang.html |